000 00686nam a2200241Ia 4500
003 OSt
005 20220918181816.0
006 a|||||r|||| 00| 0
007 ta
008 220917b |||||||| |||| 00| 0 eng d
024 _a28,694
037 _cTextual
040 _aARTS
_cARTS
_beng
041 _2eng
_aeng
082 _aO111,1(S:55):gM0, L9
100 _aSimpson David
_957521
245 0 _aIrony and authority in romantic poetry
260 _aLondon
_bMacmillan Press
_c1979
300 _axiv,267p.
_ccm.
650 _aENGLISH POETRY; ENGLISH LITERATURE
_97708
942 _hO111,1(S:55):gM0, L9
_cTEXL
_2CC
999 _c166918
_d166918